000 00349nam a2200133Ia 4500
008 220217s9999||||xx |||||||||||||| ||und||
020 _a981-243-129-2
082 _a004.165 CLE
100 _aClements, Alan
_93411
245 0 _aMicroprocessors systems design
260 _aThomson
_bBoston
_c2003
300 _b1248
650 _aMICROPROCESSOR
999 _c171854
_d171854